Sports Quiz

Random Sports or NCAA Quiz
Score 0/26 Timer 04:00
1 Play Today
Schools Missing School % Correct
NevadaNevada-Las Vegas
88.7%
Virginia, Old Dominion, LibertyVirginia Tech
84.9%
South Carolina, Coastal CarolinaClemson
81.8%
ArkansasArkansas State
81.8%
Georgia, Georgia State, Georgia SouthernGeorgia Tech
81.5%
Massachusetts-AmherstBoston College
78.7%
Army, BuffaloSyracuse
75.9%
Utah, Utah StateBrigham Young
73.5%
Kentucky, Western KentuckyLouisville
73.2%
West VirginiaMarshall
70.5%
Illinois, Northern IllinoisNorthwestern
70.1%
Oklahoma, Oklahoma StateTulsa
65.9%
Ball State, Indiana, PurdueNotre Dame
64.3%
Schools Missing School % Correct
Appalachian State, Charlotte, East Carolina, North Carolina, North Carolina State, Wake ForestDuke
63.2%
Colorado, Colorado StateAir Force
61.1%
MarylandNavy
60.1%
California, Fresno State, San Diego State, San Jose State, UCLA, USCStanford
59.3%
Eastern Michigan, Michigan, Michigan State, Western MichiganCentral Michigan
56.9%
Middle Tennessee State, Tennessee, VanderbiltMemphis
55.9%
Penn State, PittsburghTemple
54.9%
Louisiana-Lafayette, Louisiana-Monroe, LSU, Louisiana TechTulane
51.5%
Mississippi, Mississippi StateSouthern Miss
50.5%
Florida, Florida Atlantic, Florida State, Miami, UCF, USFFlorida International
47.2%
Akron, Bowling Green, Kent State, Miami U, Ohio, Ohio State, ToledoCincinnati
37.1%
Baylor, Houston, North Texas, Texas State, SMU, TCU, Texas, Texas A&M, Texas Tech, UTEP, Texas-San AntonioRice
34.6%
Alabama, Auburn, South Alabama, UABTroy
34.2%
Remove Ads.
Support Sporcle.
Get the best of Sporcle when you Go Orange. This ad-free experience offers more features, more stats, and more fun while also helping to support Sporcle. Thank you for becoming a member.

You're not logged in!

Compare scores with friends on all Sporcle quizzes.
OR
Log In

Sporcle TV

Today on Sporcle TV


Watch our educational content, quiz creation guides, and fun videos on Sporcle TV.

Show Comments

Extras

Top Quizzes Today


Score Distribution

Paid Content

Your Account Isn't Verified!

In order to create a playlist on Sporcle, you need to verify the email address you used during registration. Go to your Sporcle Settings to finish the process.

Report this User

Report this user for behavior that violates our Community Guidelines.

Details: